| 000 | 00749nam a2200277Ia 4500 | ||
|---|---|---|---|
| 003 | OSt | ||
| 005 | 20220912151039.0 | ||
| 006 | a|||||r|||| 00| 0 | ||
| 007 | ta | ||
| 008 | 220909b |||||||| |||| 00| 0 eng d | ||
| 024 | _a52753 | ||
| 037 | _cTextual | ||
| 040 |
_aCSL _beng _cCSL |
||
| 041 | _aeng | ||
| 082 | _aJ381, M4 | ||
| 100 | _aTsunoda Shigesaburo Ed. | ||
| 245 | 0 | _aBiology of rice | |
| 260 |
_aTokyo _bJapan scientific societies _c1984 |
||
| 300 |
_ax, 380p. _ccm. |
||
| 490 | _aDevelopments in crop science; 7 | ||
| 650 | _a Rice | ||
| 650 | _aAgriculture | ||
| 700 | _a Takahashi Norindo Ed. | ||
| 942 |
_hJ381, M4 _cTEXL _2CC |
||
| 999 |
_c60316 _d60316 |
||